Airline Tail Logos #3 - Statistics

General Stats
  • This quiz has been taken 122 times
  • The average score is 6 of 12
Answer Stats
Picture Answer % Correct
Qatar
81%
Finnair
80%
Boeing
72%
Cathay Pacific
69%
Etihad
67%
Skyteam
59%
Lion Air
52%
United
50%
GermanWings
36%
Norse
31%
JetBlue
28%
Air Algerie
22%
No matching quizzes found
Score Distribution
Percent of People with Each Score
Percentile by Number Answered
Your Score History
You have not taken this quiz